Benzie v Happy Eater Ltd (Record no. 25679)

MARC details
000 -LEADER
fixed length control field 00891cab a2200193 4500
001 - CONTROL NUMBER
control field ABS43035
008 - FIXED-LENGTH DATA ELEMENTS--GENERAL INFORMATION
fixed length control field 090401t1990 xxu||||| |||| 00| 0 eng d
035 ## - SYSTEM CONTROL NUMBER
System control number (Sirsi) u40090
041 ## - LANGUAGE CODE
Language code of text/sound track or separate title eng
245 ## - TITLE STATEMENT
Title Benzie v Happy Eater Ltd
260 ## - PUBLICATION, DISTRIBUTION, ETC.
Date of publication, distribution, etc. 1990
350 ## - PRICE (NR) (BK AM CF MU VM SE) [OBSOLETE]
Price 0
490 ## - SERIES STATEMENT
Series statement Construction Industry Law Letter
Volume/sequential designation (1990) CILL 588-589(2)
520 ## - SUMMARY, ETC.
Summary, etc. QBD 18 May 1990. Plaintiff (B) sought damages from the defendant (H) for loss of support negligence , nuisance and breach of restrictive covenant for excavations on the boundary of their property. The impartiality of B`s expert was questioned and in summarising the principles of law on rights of support , nuisance and negligence it was found that the plaintiff`s land had not been damaged. Claims for damages dismissed.
650 ## - SUBJECT ADDED ENTRY--TOPICAL TERM
Topical term or geographic name entry element BOUNDARY WALLS
690 ## - LOCAL SUBJECT ADDED ENTRY--TOPICAL TERM (OCLC, RLIN)
Topical term or geographic name as entry element BUILDING SURVEYING-CASE LAW
942 ## - ADDED ENTRY ELEMENTS (KOHA)
Suppress in OPAC 0
948 ## - LOCAL PROCESSING INFORMATION (OCLC); SERIES PART DESIGNATOR (RLIN)
c (OCLC) 04/03/1997
Holdings
Withdrawn status Lost status Source of classification or shelving scheme Damaged status Not for loan Home library Current library Shelving location Date acquired Total Checkouts Full call number Barcode Date last seen Copy number Price effective from Koha item type
    Dewey Decimal Classification     London London Journal article 14/09/1999   ABS43035 40090-1001 06/08/2019 1 06/08/2019 Law report